Ako vychádzať s ľuďmi, s ktorými si nerozumiete ako dostať to najlepšie i z toho najhoršieho správania ľudí

Bibliographic Details
Main Authors: Brinkman, Rick (Author), Kirschner, Rick (Author)
Other Authors: Galatová, Jarmila (Translator)
Format: Book
Language:Slovak
PhysicalDescription:254 s. ilustr. 21 cm
Published: Bratislava Motýľ 1998
ISBN:808877568X
Subjects:

MARC

LEADER 00000nam a2200000 a 4500
001 vtls001389411
003 SK-MaSNL
005 20260301182728.0
008 240314s1998 xo a r slo
015 |a SNBA2000/07-02545 
020 |a 808877568X 
035 |a SNK000343670 
035 |a urn:nbn:sk:snk-amkl5z 
035 |a urn:nbn:sk:snk-am008i88 
035 |a F6DEEA93-AF77-4167-B568-6A9A1DB141FF 
040 |a SNK  |b slo  |c SNK  |e AACR2 
041 0 |a slo 
044 |a xo  |c SK 
080 |a 301.16:159.9(035)  |2 1981 
080 |a 159.9(035)  |2 1981 
100 1 |a Brinkman, Rick  |4 aut  |9 556985 
240 1 0 |a Dealing with people you can't stand  |l Slovensky 
245 1 0 |a Ako vychádzať s ľuďmi, s ktorými si nerozumiete  |b ako dostať to najlepšie i z toho najhoršieho správania ľudí  |c [Rick Brinkman & Rick Kirschner ; z anglického originálu preložila Jarmila Galatová] 
260 |a Bratislava  |b Motýľ  |c 1998 
300 |a 254 s.  |b ilustr.  |c 21 cm 
500 |a Údaj o prekl. prevzatý z front. 
650 0 7 |a interpersonálna komunikácia  |x problémoví ľudia  |x príručky  |2 SNK  |9 65437 
655 7 |a príručky  |2 SNK  |9 74364 
700 1 |a Kirschner, Rick  |4 aut  |9 556986 
700 1 |a Galatová, Jarmila  |4 trl  |9 39613 
919 |a 80-88775-68-X 
958 |a OND 
958 |a TL 
958 |a OP 
958 |a NS 
968 |b ENG 
999 |c 854652  |d 856582 
952 |t P60, <03>, [BOOK], {603}  |a SNK  |b SNK  |y PREZ  |7 0  |p 17A0239330  |o snkSC 101677  |i snkKSP 5447/2000  |0 0  |1 0  |4 0  |d 2000-05-26  |f 1  |l 0  |r 2025-09-23 00:00:00  |w 2026-02-24 
952 |t P60, <04>, [BOOK], {604}  |a SNK  |b SNK  |y VYP  |7 0  |p 17A0239331  |o snkSC 101677 D1  |i snkKSP 5448/2000  |0 0  |1 0  |4 0  |d 2000-05-26  |l 0  |r 2005-01-02 00:00:00  |w 2026-02-24